000 00452nam a2200157Ia 4500
999 _c22278
_d22278
003 OSt
005 20200519094450.0
008 190216s9999||||xx |||||||||||||| ||und||
040 _coclc
082 _a297
_bKUT/L
100 _aKutty, E K Ahmed
_92405
245 0 _aLaingika Sastram Quranil /
_c E K Ahmed Kutty
260 _bYuvatha Book House,
_c1987.
_aCalicut:
300 _a87p
942 _cBK
_2ddc
_h297
_iKUT/L
_k297
_mKUT/L